Territories in Oceania - Statistics

General Stats
  • This quiz has been taken 101 times
  • The average score is 8 of 12
Answer Stats
Country Territory % Correct
United States Guam
84%
France French Polynesia
82%
New Zealand Niue
82%
United States American Samoa
81%
France New Caledonia
81%
New Zealand Cook Islands
76%
United States Northern Mariana Islands
74%
New Zealand Tokelau
65%
United Kingdom Pitcairn Islands
62%
Australia Norfolk Island
59%
France Wallis and Futuna
58%
United States Wake Island
27%
No matching quizzes found
Score Distribution
Percent of People with Each Score
Percentile by Number Answered
Your Score History
You have not taken this quiz